000 00579nam a22001937a 4500
005 20240430163414.0
010 _aENG-140095
020 _c499.00
_a9789350092231
035 _aEN-123627
037 _bDBAD
082 _aN
100 _aSebastian, Pradeep
_965281
245 _aThe Book Hunters of Katpadi/
_cBy Pradeep Sebastian
260 _aGurgaon
_bHachette Book Publishing
_c2017
270 _a4th & 5th Floors, Corporate Center, Plot No. 94, Sector 44
_bGurgaon
_e122003
300 _a418p. :
_c21cm(hbk)
_bill
500 _aIncludes index
942 _2ddc
_cEN
_hN
_mSEB
999 _c202445
_d202445